000 00742nam a22001577a 4500
003 OSt
005 20150919165302.0
008 150919b xxu||||| |||| 00| 0 eng d
040 _cRUA
082 _aAGR CHH 2008 B036 Or.1
100 _9892
_aCHHORN, ENGKEA.
245 _aEffect of organic and chemical fertilizer on celery cabbage at crop station of royal university of agriculture ឥទ្ធិពលជីសរីរាង្គ និងជីគីមីលើដំណាំស្ពៃចង្កឹះនៅស្ថានីយ៍ពិសោធន៍នៃសាកលវិទ្យាល័យភូមិន្ទកសិកម្ម
260 _aPhnom Penh
_bRUA
_c2008
300 _aix; 43p.
_bill.
_c29cm.
942 _2ddc
_cAGR
999 _c860
_d860